000 00679nam a2200241Ia 4500
003 OSt
005 20220918230941.0
006 a|||||r|||| 00| 0
007 ta
008 220917b |||||||| |||| 00| 0 eng d
024 _a261,735
037 _cTextual
040 _aARTS
_cARTS
_beng
041 _2eng
_aeng
082 _aY720gX:3M24xM18, L2
100 _aTerray Emmanuel
_9153572
245 0 _aMarxism and primitive societies tr by Mary Klopper
260 _aNew York
_bMonthly Review press
_c1972
300 _a186p.
_ccm.
650 _aSOCIOLOGY
942 _hY720gX:3M24xM18, L2
_cTEXL
_2CC
999 _c289362
_d289362